000
00259nam a22001097a 4500
082
_a
355 KNO'W
100
_a
KNORR, KLAUS
_9
47046
245
_a
THE WAR POTENTIAL OF NATIONS
260
_a
RAWALPINDI
_b
ARMY EDUCATION PRESS
_c
1987
300
_a
310P
942
_c
BK
999
_c
571320
_d
571320